00225 a2200109 4500001000700000020000600007040001100013100001100024240003800035245003300073362000900106180506 a  cMagnum aGeempa10aAlfabetizacao em novas baseslpor10aAlfabetizacao em novas bases0 a1899